[Event "Liffre op"]
[Site "Liffre"]
[Date "2023.10.27"]
[Round "9"]
[White "Dimitrov, Radoslav"]
[Black "Durand Le Ludec, Brendan Bubok"]
[Result "1-0"]
[WhiteElo "2499"]
[BlackElo "2221"]
[PlyCount "155"]
[EventDate "2023.10.21"]
[EventType "swiss"]
[EventRounds "9"]
[EventCountry "FRA"]
[SourceTitle "EXT 2025"]
[Source "ChessBase"]
[SourceDate "2024.10.14"]
[SourceVersion "1"]
[SourceVersionDate "2024.10.14"]
[SourceQuality "1"]

1. d4 Nf6 2. Bg5 e6 3. e4 h6 4. Bxf6 Qxf6 5. Nc3 d6 6. Qd2 g6 7. f4 Bg7 8. Nf3 Nd7 9. Nb5 Qd8 10. Qc3 Nc5 11. e5 Na6 12. 0-0-0 d5 13. h4 h5 14. Ng5 Bf8 15. Qf3 Bd7 16. c4 Bxb5 17. cxb5 Nb8 18. Bd3 Qe7 19. g4 a6 20. gxh5 gxh5 21. f5 axb5 22. fxe6 fxe6 23. Bg6+ Kd7 24. Nxe6 Kc6 25. Nc5 Kb6 26. Qxd5 c6 27. Qb3 Na6 28. Na4+ Ka7 29. Nc3 Rd8 30. Kb1 Nc7 31. a4 bxa4 32. Qxa4+ Kb8 33. Qc4 Nd5 34. Nxd5 Rxd5 35. Be4 Rb5 36. Rd3 Qb4 37. Qxb4 Rxb4 38. Kc2 Be7 39. Bf3 Rf8 40. Kc3 Rb5 41. Rg1 Bxh4 42. Rh1 Bf2 43. Bxh5 Kc7 44. Rf3 Rxf3+ 45. Bxf3 c5 46. Rh7+ Kd8 47. e6 cxd4+ 48. Kc4 Re5 49. Bd5 d3 50. Rd7+ Ke8 51. Kxd3 b6 52. Kc4 Bh4 53. Rb7 Bd8 54. Bc6+ Kf8 55. Rf7+ Kg8 56. Bd5 Bg5 57. Rf5 b5+ 58. Kb3 Rxf5 59. e7+ Rxd5 60. e8Q+ Kg7 61. Qe4 Rd2 62. Qb7+ Kg6 63. Qe4+ Kg7 64. Qg4 Kg6 65. Kc3 Rf2 66. b4 Rf4 67. Qg2 Rf5 68. Kd4 Rf4+ 69. Kc5 Rf5+ 70. Kc6 Kf6 71. Qb2+ Kg6 72. Qc2 Be7 73. Kd7 Kf6 74. Qc6+ Kg7 75. Kxe7 Rf7+ 76. Kd8 Rf8+ 77. Kc7 Rf7+ 78. Kb6 1-0

[Event "Liffre op"]
[Site "Liffre"]
[Date "2022.10.22"]
[Round "1"]
[White "Sasikiran, Krishnan"]
[Black "Durand Le Ludec, Brendan Bubok"]
[Result "1-0"]
[WhiteElo "2636"]
[BlackElo "2231"]
[PlyCount "118"]
[EventDate "2022.10.22"]
[EventType "swiss"]
[EventRounds "9"]
[EventCountry "FRA"]
[SourceTitle "EXT 2024"]
[Source "ChessBase"]
[SourceDate "2023.10.10"]
[SourceVersion "1"]
[SourceVersionDate "2023.10.10"]
[SourceQuality "1"]

1. d4 Nf6 2. c4 g6 3. Nc3 Bg7 4. e4 d6 5. f3 a6 6. Be3 c6 7. Qd2 b5 8. Rc1 0-0 9. b3 e5 10. d5 b4 11. Nd1 c5 12. Nf2 h5 13. Bd3 Nh7 14. Ne2 h4 15. g3 a5 16. 0-0 Nd7 17. a4 Bf6 18. Kg2 Re8 19. Rce1 Ndf8 20. Ng1 Ra7 21. Ngh3 Bg7 22. Qc2 Rc7 23. Bd2 Kh8 24. Bc1 Bf6 25. Re2 Ng5 26. Nxg5 Bxg5 27. f4 Bf6 28. f5 Nh7 29. Ng4 Bg5 30. Ref2 Rg8 31. Ne3 Nf6 32. Qe2 Nh5 33. Rh1 Bh6 34. Qf3 Qe7 35. Bd2 Qd8 36. Kf1 Qe7 37. Ke2 Qd8 38. Kd1 Qe7 39. fxg6 fxg6 40. Nf5 Bxf5 41. exf5 Bxd2 42. fxg6 Qg5 43. Rxd2 Nf6 44. Rf1 Kg7 45. Rdf2 Rf8 46. g4 Re7 47. Bf5 Ng8 48. Ke2 Rf6 49. Qe3 Kh6 50. Be6 Rxg6 51. Rf8 Qxe3+ 52. Kxe3 Reg7 53. h3 Ne7 54. Rd8 Rg5 55. Rxd6 Kh7 56. Rd8 Ng6 57. Bf5 Kh6 58. Rd6 Kh7 59. Ke4 Kg8 1-0

[Event "FRA-ch Accession"]
[Site "Albi"]
[Date "2022.08.18"]
[Round "6"]
[White "Durand Le Ludec, Brendan Bubok"]
[Black "Philippe, Guillaume"]
[Result "0-1"]
[WhiteElo "2217"]
[BlackElo "2392"]
[PlyCount "78"]
[EventDate "2022.08.13"]
[EventType "swiss"]
[EventRounds "9"]
[EventCountry "FRA"]
[SourceTitle "CBM 210 Extra"]
[Source "ChessBase"]
[SourceDate "2022.11.30"]
[SourceVersion "1"]
[SourceVersionDate "2022.11.30"]
[SourceQuality "1"]

1. e4 c5 2. Nf3 e6 3. d4 cxd4 4. Nxd4 a6 5. c4 Nf6 6. Nc3 Qc7 7. a3 b6 8. Be3 Bb7 9. f3 d6 10. Be2 Be7 11. Qd2 Nbd7 12. g4 Ne5 13. g5 Nfd7 14. Rc1 Rc8 15. Kf2 Qb8 16. b3 Nc5 17. h4 0-0 18. h5 Nc6 19. Qb2 f5 20. Nxc6 Bxc6 21. h6 fxe4 22. Bxc5 dxc5 23. Nd5 Rf7 24. g6 hxg6 25. hxg7 e5 26. Qd2 Rxg7 27. Rcg1 Qd6 28. fxe4 Bxd5 29. exd5 Rf8+ 30. Ke1 Rf4 31. Qd3 Bh4+ 32. Rxh4 Rxh4 33. Bg4 e4 34. Qxe4 Kh7 35. Qe2 Rf7 36. Be6 Rff4 37. Qg2 Qe5+ 38. Kd1 Qa1+ 39. Kc2 Rf2+ 0-1

[Event "Rubinstein Memorial op-A 57th"]
[Site "Polanica Zdroj"]
[Date "2021.08.20"]
[Round "7"]
[White "Durand Le Ludec, Brendan Bubok"]
[Black "Nasuta, Grzegorz"]
[Result "0-1"]
[WhiteElo "2197"]
[BlackElo "2518"]
[PlyCount "80"]
[EventDate "2021.08.14"]
[EventType "swiss"]
[EventRounds "9"]
[EventCountry "POL"]
[SourceTitle "CBM 203 Extra"]
[Source "ChessBase"]
[SourceDate "2021.09.30"]
[SourceVersion "1"]
[SourceVersionDate "2021.09.30"]
[SourceQuality "1"]

1. Nf3 d5 2. g3 Nd7 3. d4 Nb6 4. Bg2 Bf5 5. 0-0 e6 6. Nbd2 c6 7. b3 Nf6 8. Bb2 Be7 9. c4 0-0 10. Nh4 Bg4 11. h3 Bh5 12. g4 Bg6 13. Nxg6 hxg6 14. Qc2 Rc8 15. e4 Nxe4 16. Nxe4 dxe4 17. Qxe4 Bf6 18. Rad1 Qe7 19. Rfe1 Rfd8 20. Qc2 Rd7 21. Bc3 Rcd8 22. Qb2 Qf8 23. Bf3 g5 24. a4 Nc8 25. b4 Nb6 26. Qa1 Nxc4 27. b5 cxb5 28. axb5 Qa3 29. Re2 Bxd4 30. Rxd4 Rxd4 31. Bxd4 Qxf3 32. Rc2 Qd3 33. Rxc4 Qxc4 34. Bxg7 Qe2 35. Bd4 e5 36. Qc1 Rxd4 37. Qxg5+ Kf8 38. Qh6+ Ke8 39. Qh8+ Kd7 40. Qb8 Qf3 0-1

[Event "FRA-ch Blitz Online Qual"]
[Site "Europe Echecs INT"]
[Date "2020.05.16"]
[Round "4"]
[White "Vallee, Louis"]
[Black "Durand Le Ludec, Brendan Bubok"]
[Result "0-1"]
[WhiteElo "1864"]
[BlackElo "2205"]
[PlyCount "82"]
[EventDate "2020.05.16"]
[EventType "swiss (blitz)"]
[EventRounds "15"]
[EventCountry "FRA"]
[SourceTitle "CBM 196 Extra"]
[Source "ChessBase"]
[SourceDate "2020.07.31"]
[SourceVersion "1"]
[SourceVersionDate "2020.07.31"]
[SourceQuality "1"]

1. d4 Nf6 2. c4 g6 3. Nc3 Bg7 4. e4 d6 5. Nf3 0-0 6. h3 e5 7. d5 Nh5 8. Be3 Na6 9. Qe2 Nf4 10. Qd1 f5 11. g3 fxe4 12. Nxe4 Bf5 13. Nc3 Nb4 14. gxf4 Nc2+ 15. Kd2 exf4 16. Bd4 Nxd4 17. Nxd4 Bxd4 18. Bd3 Bxf2 19. Bxf5 Rxf5 20. h4 Bxh4 21. Qg4 Bg5 22. Rh2 f3+ 23. Kc2 h5 24. Rxh5 gxh5 25. Qxf5 Qf6 26. Qxf6 Bxf6 27. Rf1 Bxc3 28. Kxc3 Rf8 29. Kd3 Kg7 30. Ke3 f2 31. Rxf2 Rxf2 32. Kxf2 Kf6 33. Ke3 Ke5 34. b4 h4 35. a4 h3 36. Kf3 Kd4 37. c5 dxc5 38. bxc5 Kxc5 39. d6 cxd6 40. Kg3 d5 41. Kxh3 Kd4 0-1

[Event "Avoine op 32nd"]
[Site "Avoine"]
[Date "2017.07.29"]
[Round "8"]
[White "Durand Le Ludec, Brendan Bubok"]
[Black "Lagunes, Jean Renaud"]
[Result "1-0"]
[WhiteElo "2184"]
[BlackElo "1951"]
[PlyCount "69"]
[EventDate "2017.07.22"]
[EventType "swiss"]
[EventRounds "9"]
[EventCountry "FRA"]
[SourceTitle "CBM 179 Extra"]
[Source "ChessBase"]
[SourceDate "2017.08.23"]
[SourceVersion "1"]
[SourceVersionDate "2017.08.23"]
[SourceQuality "1"]

1. e4 d5 2. exd5 Qxd5 3. Nc3 Qa5 4. d4 Nf6 5. Nf3 c6 6. Ne5 Be6 7. Bd3 Nbd7 8. Nxd7 Kxd7 9. Bd2 Qh5 10. Ne2 Bf5 11. Bc4 e6 12. f3 Bd6 13. Nf4 Bxf4 14. Bxf4 Bg6 15. Qd2 Rhd8 16. g4 Qh3 17. Qf2 Bxc2 18. Qxc2 Qxf3 19. Rf1 Qxg4 20. Be5 Ke7 21. Qf2 Qe4+ 22. Be2 Qg6 23. Rg1 Qh6 24. Bf4 Ne4 25. Bxh6 Nxf2 26. Bg5+ f6 27. Be3 Nh3 28. Rxg7+ Kd6 29. Bf1 Ng5 30. Rxb7 Kd5 31. Bg2+ Ne4 32. Rc1 f5 33. Rc5+ Kd6 34. Bf4+ e5 35. Rxe5 1-0

[Event "Ile et Vilaine op"]
[Site "Rennes"]
[Date "2017.07.11"]
[Round "5"]
[White "Durand Le Ludec, Brendan Bubok"]
[Black "Bailet, Pierre"]
[Result "0-1"]
[WhiteElo "2184"]
[BlackElo "2525"]
[PlyCount "72"]
[EventDate "2017.07.08"]
[EventType "swiss"]
[EventRounds "9"]
[EventCountry "FRA"]
[SourceTitle "EXT 2019"]
[Source "ChessBase"]
[SourceDate "2018.10.10"]
[SourceVersion "1"]
[SourceVersionDate "2018.10.10"]
[SourceQuality "1"]

1. e4 e5 2. Nf3 Nc6 3. d4 exd4 4. c3 Nge7 5. cxd4 d5 6. e5 Bg4 7. Be2 Nf5 8. Be3 Bb4+ 9. Nc3 0-0 10. 0-0 Ba5 11. h3 Nxe3 12. fxe3 Be6 13. Qd3 f6 14. exf6 Rxf6 15. e4 Bb6 16. e5 Rf4 17. Kh1 Nxd4 18. Qd2 Nxe2 19. Nxe2 Re4 20. Nc3 Re3 21. Nd1 Re4 22. Nc3 Ba5 23. Rae1 Rxe1 24. Rxe1 Qd7 25. Ng5 h6 26. Nxe6 Qxe6 27. Qd4 c6 28. b4 Bb6 29. Qd3 Rf8 30. Na4 Qf5 31. Qc3 Bf2 32. Rf1 Qe4 33. Rd1 Qe2 34. Ra1 Rf4 35. Qb3 Be1 36. Kh2 Qxe5 0-1

[Event "Ile et Vilaine op"]
[Site "Rennes"]
[Date "2017.07.08"]
[Round "1"]
[White "Durand Le Ludec, Brendan Bubok"]
[Black "Pachon, Bernard"]
[Result "1-0"]
[WhiteElo "2184"]
[BlackElo "1787"]
[PlyCount "53"]
[EventDate "2017.07.08"]
[EventType "swiss"]
[EventRounds "9"]
[EventCountry "FRA"]
[SourceTitle "EXT 2019"]
[Source "ChessBase"]
[SourceDate "2018.10.10"]
[SourceVersion "1"]
[SourceVersionDate "2018.10.10"]
[SourceQuality "1"]

1. Nf3 g6 2. d4 Bg7 3. e4 d6 4. Nc3 Nf6 5. Be2 0-0 6. 0-0 Nbd7 7. h3 h6 8. Be3 c5 9. d5 a6 10. a4 b6 11. Nd2 a5 12. f4 Ba6 13. Bxa6 Rxa6 14. Nc4 Ne8 15. Qd3 Ra8 16. Rae1 Qb8 17. e5 dxe5 18. fxe5 Nxe5 19. Nxe5 Bxe5 20. Bxh6 Ng7 21. Qe4 Bh2+ 22. Kh1 Nh5 23. Ne2 Bg3 24. Bxf8 Bxe1 25. Bxe7 Bg3 26. d6 Qe8 27. d7 1-0

[Event "Angers op 12th"]
[Site "Angers"]
[Date "2017.05.28"]
[Round "6"]
[White "Harutyunyan, Ruben"]
[Black "Durand Le Ludec, Brendan Bubok"]
[Result "1-0"]
[WhiteElo "2291"]
[BlackElo "2196"]
[PlyCount "129"]
[EventDate "2017.05.26"]
[EventType "swiss"]
[EventRounds "6"]
[EventCountry "FRA"]
[SourceTitle "CBM 178 Extra"]
[Source "ChessBase"]
[SourceDate "2017.06.22"]
[SourceVersion "1"]
[SourceVersionDate "2017.06.22"]
[SourceQuality "1"]

1. d4 Nf6 2. c4 g6 3. Nc3 Bg7 4. Nf3 0-0 5. e4 d6 6. Be2 c5 7. 0-0 Nc6 8. d5 Na5 9. a3 b6 10. Rb1 e5 11. b4 Nb7 12. Ne1 Nd7 13. Bd3 f5 14. f3 f4 15. Bc2 g5 16. Ba4 Nf6 17. Bc6 Rf7 18. Kf2 g4 19. Ke2 Bf8 20. Rg1 Rg7 21. Nd3 Nd7 22. bxc5 Ndxc5 23. Nxc5 bxc5 24. Bd2 Qh4 25. h3 h5 26. Qe1 Qe7 27. hxg4 hxg4 28. Rb2 a6 29. Na4 Ra7 30. Nb6 gxf3+ 31. gxf3 Bh3 32. Rxg7+ Qxg7 33. Qf2 Nd8 34. Rb1 Qh7 35. Rh1 Rg7 36. Qh2 Rg2+ 37. Qxg2+ Bxg2 38. Rxh7 Kxh7 39. Bd7 Nf7 40. Kf2 Bh1 41. Bg4 Ng5 42. Nc8 Nxe4+ 43. fxe4 Bxe4 44. Ba5 Bd3 45. Bc7 Bxc4 46. Bf5+ Kg7 47. Be4 Bb3 48. Bxd6 Bxd6 49. Nxd6 c4 50. Nb7 c3 51. d6 Be6 52. Nc5 Kf6 53. d7 Ke7 54. Nxe6 Kxd7 55. Nc5+ Kc7 56. Nxa6+ Kb6 57. Nb4 Ka5 58. Nc2 Ka4 59. Kf3 Kb3 60. Kg4 Ka4 61. Bd5 Kb5 62. Kf5 f3 63. Bxf3 Kc4 64. Kxe5 Kb3 65. Bd5+ 1-0

[Event "Angers op 12th"]
[Site "Angers"]
[Date "2017.05.26"]
[Round "2"]
[White "Le Goff, Ronan"]
[Black "Durand Le Ludec, Brendan Bubok"]
[Result "1-0"]
[WhiteElo "2315"]
[BlackElo "2196"]
[PlyCount "127"]
[EventDate "2017.05.26"]
[EventType "swiss"]
[EventRounds "6"]
[EventCountry "FRA"]
[SourceTitle "CBM 178 Extra"]
[Source "ChessBase"]
[SourceDate "2017.06.22"]
[SourceVersion "1"]
[SourceVersionDate "2017.06.22"]
[SourceQuality "1"]

1. Nf3 Nf6 2. g3 g6 3. Bg2 Bg7 4. 0-0 0-0 5. d4 d6 6. Re1 Bf5 7. h3 d5 8. g4 Be4 9. Nbd2 Bxf3 10. Bxf3 c6 11. c3 Nbd7 12. Bg2 e5 13. dxe5 Nxe5 14. Nb3 Re8 15. Qc2 Nc4 16. Nd2 Nxd2 17. Bxd2 Ne4 18. Bf4 Qh4 19. e3 h5 20. gxh5 Qxh5 21. Qe2 Qxe2 22. Rxe2 a5 23. Rc1 Nc5 24. Bd6 Na4 25. Rec2 Re6 26. Bc7 Nc5 27. Bf1 b5 28. Be2 a4 29. Rb1 Ne4 30. Rbc1 Bh6 31. Rd1 Bg7 32. Bf3 Bf6 33. Bg2 Kg7 34. Bb6 Bh4 35. Bd4+ Kg8 36. b3 axb3 37. axb3 Nd6 38. Rdd2 Ra1+ 39. Kh2 Ra3 40. Rb2 Bf6 41. Bf3 Be5+ 42. Kh1 f5 43. Rd1 Kg7 44. Rc1 Kf6 45. Be2 g5 46. Kg2 Re8 47. Rh1 Ne4 48. Rc1 Nd6 49. Bd3 Rea8 50. Rcc2 R8a6 51. h4 g4 52. f3 gxf3+ 53. Kxf3 Ra8 54. Rg2 Rh8 55. Rg6+ Kxg6 56. Bxe5 Rd8 57. Rg2+ Kh6 58. h5 Kxh5 59. Kf4 Kh6 60. Be2 Kh7 61. Rh2+ Kg8 62. Rh8+ Kf7 63. Rxd8 Ne4 64. Kxf5 1-0

[Event "Liffre op"]
[Site "Liffre"]
[Date "2016.10.24"]
[Round "4"]
[White "Seite, Yamina"]
[Black "Durand Le Ludec, Brendan Bubok"]
[Result "0-1"]
[WhiteElo "1788"]
[BlackElo "2128"]
[PlyCount "116"]
[EventDate "2016.10.22"]
[EventType "swiss"]
[EventRounds "9"]
[EventCountry "FRA"]
[SourceTitle "CBM 175 Extra"]
[Source "ChessBase"]
[SourceDate "2016.12.12"]
[SourceVersion "1"]
[SourceVersionDate "2016.12.12"]
[SourceQuality "1"]

1. e4 c5 2. Nc3 e6 3. Nge2 a6 4. d4 cxd4 5. Nxd4 Qc7 6. Bd3 Nf6 7. 0-0 b5 8. Re1 d6 9. f4 Nbd7 10. Kh1 Bb7 11. a4 b4 12. Na2 Nc5 13. Nxb4 Ncxe4 14. Be3 d5 15. c3 Bd6 16. Rf1 h5 17. h3 Ng3+ 18. Kg1 Nxf1 19. Qxf1 Ne4 20. Nxa6 Qe7 21. Bb5+ Kf8 22. Nc6 Qh4 23. Nab4 g5 24. Ne5 g4 25. Qe1 Qe7 26. hxg4 hxg4 27. Nxg4 f5 28. Ne5 Qh7 29. Kf1 Qh1+ 30. Ke2 Qxg2+ 31. Kd3 Rh3 32. Nd7+ Ke7 33. Qe2 Qg3 34. Nc2 Rh2 35. Qe1 Rd2+ 36. Qxd2 Nxd2 37. Kxd2 Rh8 38. Rf1 Rh2+ 39. Kd1 d4 40. Bxd4 Bf3+ 41. Kc1 Qxf4+ 42. Ne3 Qe4 43. Re1 Rh1 44. Rxh1 Bxh1 45. Nb6 Bf4 46. Nbc4 Bg5 47. Bc5+ Kf6 48. Bd4+ Kg6 49. a5 Qh4 50. Ne5+ Kh7 51. Nd3 f4 52. Nf1 Be4 53. Nf2 f3+ 54. Kd1 Bd5 55. Bd3+ Kg8 56. Kc2 e5 57. Bb6 e4 58. Bb5 e3 0-1

[Event "Angers op 11th"]
[Site "Angers"]
[Date "2016.05.08"]
[Round "6"]
[White "Durand Le Ludec, Brendan Bubok"]
[Black "Duboue, Peio"]
[Result "1/2-1/2"]
[WhiteElo "2131"]
[BlackElo "2406"]
[PlyCount "119"]
[EventDate "2016.05.06"]
[EventType "swiss"]
[EventRounds "6"]
[EventCountry "FRA"]
[SourceTitle "CBM 172 Extra"]
[Source "ChessBase"]
[SourceDate "2016.06.21"]
[SourceVersion "1"]
[SourceVersionDate "2016.06.21"]
[SourceQuality "1"]

1. Nf3 Nf6 2. g3 d6 3. d4 c6 4. Bg2 Bf5 5. 0-0 Qc8 6. c4 Bh3 7. Nc3 Bxg2 8. Kxg2 Nbd7 9. e4 e5 10. d5 cxd5 11. cxd5 Be7 12. Qe2 0-0 13. Nd2 a6 14. a4 Qc7 15. a5 Rac8 16. Ra3 Ne8 17. b4 Bg5 18. Nf3 Bxc1 19. Rxc1 Qc4 20. Qxc4 Rxc4 21. Rb1 Nef6 22. Nd2 Rc7 23. Rb2 Rfc8 24. Nd1 g6 25. Ne3 Ne8 26. Raa2 Kf8 27. g4 Ke7 28. Rc2 Rxc2 29. Rxc2 Rxc2 30. Nxc2 f5 31. f3 b6 32. gxf5 gxf5 33. Ne3 Ng7 34. Ndc4 bxa5 35. Nxa5 Kd8 36. Kg3 Kc7 37. Nc6 Nf6 38. Kh4 h6 39. Ne7 fxe4 40. fxe4 Kb6 41. Nc4+ Kb5 42. Nxd6+ Kxb4 43. Nc6+ Kc5 44. Nb7+ Kb6 45. Nd6 Kc7 46. Nc4 Nxe4 47. N6xe5 Nd6 48. Kg4 Nde8 49. Kf4 Nd6 50. Ke3 Ngf5+ 51. Kd3 Ne7 52. Nxd6 Kxd6 53. Nf7+ Kxd5 54. Nxh6 a5 55. Ng4 a4 56. Kc3 Kc5 57. Ne5 Nd5+ 58. Kb2 Kb4 59. Nd3+ Kc4 60. Ne5+ 1/2-1/2

[Event "Nantes op 14th"]
[Site "Nantes"]
[Date "2015.12.29"]
[Round "4"]
[White "Durand Le Ludec, Brendan Bubok"]
[Black "Navrotescu, Andreea Cristiana"]
[Result "1/2-1/2"]
[WhiteElo "2090"]
[BlackElo "2253"]
[PlyCount "64"]
[EventDate "2015.12.27"]
[EventType "swiss"]
[EventRounds "7"]
[EventCountry "FRA"]
[SourceTitle "CBM 170 Extra"]
[Source "ChessBase"]
[SourceDate "2016.02.25"]
[SourceVersion "1"]
[SourceVersionDate "2016.02.25"]
[SourceQuality "1"]

1. e4 c5 2. Nf3 d6 3. d4 cxd4 4. Nxd4 Nf6 5. Nc3 g6 6. Be3 Bg7 7. f3 Nc6 8. Qd2 0-0 9. 0-0-0 d5 10. Qe1 e6 11. g4 Ne7 12. g5 Nd7 13. Nb3 b6 14. h4 Bb7 15. h5 f5 16. gxf6 Nxf6 17. Nd4 Bc8 18. Bh3 Nxh5 19. Nxe6 Bxe6 20. Bxe6+ Kh8 21. Nxd5 Nxd5 22. Bxd5 Rc8 23. Bb7 Qf6 24. Bd4 Qg5+ 25. Be3 Qb5 26. Bd4 Rc7 27. Bxg7+ Kxg7 28. Bd5 Rxf3 29. Qd2 Qc5 30. Rxh5 gxh5 31. Qg5+ Kf8 32. Qd8+ Kg7 1/2-1/2

[Event "Nantes op 13th"]
[Site "Nantes"]
[Date "2014.12.27"]
[Round "1"]
[White "Colin, Vincent"]
[Black "Durand Le Ludec, Brendan Bubok"]
[Result "1-0"]
[WhiteElo "2384"]
[BlackElo "2007"]
[PlyCount "75"]
[EventDate "2014.12.27"]
[EventType "swiss"]
[EventRounds "7"]
[EventCountry "FRA"]
[SourceTitle "EXT 2016"]
[Source "ChessBase"]
[SourceDate "2015.10.08"]
[SourceVersion "1"]
[SourceVersionDate "2015.10.08"]
[SourceQuality "1"]

1. d4 d5 2. Nf3 Nf6 3. c4 c6 4. e3 e6 5. Nbd2 Nbd7 6. b3 Bb4 7. Bb2 Ne4 8. a3 Bd6 9. Nxe4 dxe4 10. Nd2 f5 11. Qh5+ g6 12. Qh6 Qf6 13. Be2 e5 14. 0-0 exd4 15. exd4 g5 16. Qxf6 Nxf6 17. d5 Kf7 18. dxc6 bxc6 19. Rfd1 Rd8 20. c5 Bc7 21. Nc4 Be6 22. b4 Bd5 23. Ne3 Be6 24. Ba6 f4 25. Nc4 Bd5 26. a4 Rab8 27. Bc3 Ke6 28. Rd4 Nd7 29. Re1 Kf5 30. f3 exf3 31. g4+ fxg3 32. Nd6+ Kg6 33. Bd3+ Kh5 34. hxg3 Bxd6 35. g4+ Kh4 36. cxd6 Kg3 37. Re3 Be4 38. Rdxe4 1-0

[Event "Avoine op 29th"]
[Site "Avoine"]
[Date "2014.07.19"]
[Round "1"]
[White "Durand Le Ludec, Brendan Bubok"]
[Black "Frick, Christoph"]
[Result "0-1"]
[WhiteElo "1983"]
[BlackElo "2246"]
[PlyCount "105"]
[EventDate "2014.07.19"]
[EventType "swiss"]
[EventRounds "9"]
[EventCountry "FRA"]
[SourceTitle "CBM 161 Extra"]
[Source "ChessBase"]
[SourceDate "2014.08.29"]
[SourceVersion "1"]
[SourceVersionDate "2014.08.29"]
[SourceQuality "1"]

1. Nf3 d5 2. c4 c6 3. g3 Nf6 4. Bg2 Bg4 5. Ne5 Be6 6. d4 Nbd7 7. Qb3 Qc8 8. Nxd7 Qxd7 9. c5 g6 10. Nd2 Bg7 11. Nf3 Ne4 12. Be3 0-0 13. Qd1 Bh3 14. 0-0 Bxg2 15. Kxg2 b6 16. b4 bxc5 17. bxc5 Rab8 18. Qc1 Rb4 19. Bh6 Rfb8 20. Bxg7 Kxg7 21. Ne5 Qe6 22. e3 Rb2 23. Nd3 Rd2 24. Rd1 Rbb2 25. Qxb2 Rxb2 26. Nxb2 Ng5 27. Kf1 Qh3+ 28. Ke2 Qxh2 29. Nd3 Ne4 30. Rg1 h5 31. Raf1 Qh3 32. Ne5 Qc8 33. Ra1 Qa6+ 34. Nd3 Nxf2 35. Kxf2 Qxd3 36. Rge1 g5 37. a4 Kg6 38. a5 Kf5 39. Rad1 Qc2+ 40. Kg1 Kg4 41. Rc1 Qd2 42. Rcd1 Qxa5 43. Re2 Qb5 44. Rf2 f6 45. Kg2 Qb3 46. Re1 Qd3 47. Kh2 a5 48. Ra2 a4 49. Kh1 Kxg3 50. e4 g4 51. exd5 Qf3+ 52. Kg1 Qxd5 53. Re3+ 0-1